La religión invisible (Record no. 94909)

MARC details
000 -LEADER
campo de control de longitud fija 00539nam a2200169 i 4500
001 - NÚMERO DE CONTROL
campo de control 94909
003 - IDENTIFICADOR DE NÚMERO DE CONTROL
campo de control ES-MaACL
005 - FECHA Y HORA DE LA ÚLTIMA TRANSACCIÓN
campo de control 20230906181600.0
007 - CAMPO FIJO DE DESCRIPCIÓN FÍSICA--INFORMACIÓN GENERAL
campo de control de longitud fija t|
008 - DATOS DE LONGITUD FIJA--INFORMACIÓN GENERAL
campo de control de longitud fija 050517s2002 sp ||||1| spa d
100 1# - ENTRADA PRINCIPAL--NOMBRE DE PERSONA
Nombre de persona Luckmann, Thomas.
9 (RLIN) 74602
245 13 - MENCIÓN DEL TÍTULO
Título La religión invisible
Resto del título : el problema de la religión en la sociedad moderna /
Mención de responsabilidad, etc. Thomas Luckmann; [tradujo Miguel Bermejo].
260 ## - PUBLICACIÓN, DISTRIBUCIÓN, ETC.
Lugar de publicación, distribución, etc. Salamanca :
Nombre del editor, distribuidor, etc. Sígueme,
Fecha de publicación, distribución, etc. 1973.
300 ## - DESCRIPCIÓN FÍSICA
Extensión 130 p. ;
Dimensiones 23 cm.
700 1# - ENTRADA AGREGADA--NOMBRE PERSONAL
Nombre de persona Bermejo, Miguel.
9 (RLIN) 28093
852 ## - LOCALIZACIÓN
Ubicación ES-MaACL
Número de control de estantería C-55596
Sublocalización o colección R.88387
Holdings
Estatus retirado Estado de pérdida Estado de daño No para préstamo Biblioteca de origen Biblioteca actual Ubicación en estantería Fecha de adquisición Fuente de adquisición Total de préstamos Signatura topográfica completa Código de barras Visto por última vez Precio de reemplazo Tipo de ítem Koha
        Biblioteca del Ateneo de Madrid Biblioteca del Ateneo de Madrid Depósito 2 17/01/2008     C-55596 1099113 23/02/2023 23/02/2023 Libro impreso